CIB Properties Ltd v Birse Construction Ltd (Record no. 75635)
[ view plain ]
| 000 -LEADER | |
|---|---|
| fixed length control field | 01586cab a2200205 4500 |
| 001 - CONTROL NUMBER | |
| control field | L130465 |
| 008 - FIXED-LENGTH DATA ELEMENTS--GENERAL INFORMATION | |
| fixed length control field | 050801n2005 000 0 eng u |
| 035 ## - SYSTEM CONTROL NUMBER | |
| System control number | (Sirsi) u130465 |
| 041 ## - LANGUAGE CODE | |
| Language code of text/sound track or separate title | eng |
| 245 ## - TITLE STATEMENT | |
| Title | CIB Properties Ltd v Birse Construction Ltd |
| 260 ## - PUBLICATION, DISTRIBUTION, ETC. | |
| Date of publication, distribution, etc. | 2005 |
| 490 ## - SERIES STATEMENT | |
| Series statement | Weekly Law Reports |
| Volume/sequential designation | [2005] 1 WLR 2252-5981(30) |
| 520 ## - SUMMARY, ETC. | |
| Summary, etc. | [2004] EWHC 2365 (TCC), 19 October 2004. Building - contract - adjudication - construction contract terminated - claimant (C) demanding payment of sums allegedly due under contract - defendant (B) not paying - C making reference to adjudication - whether dispute in existence at date of reference capable of being referred to adjudication - complex issues for determination - adjudicator extending time limits in accordance with statutory provisions - adjudicator making decision in C's favour - whether fair and impartial decision possible - whether achieved - whether alleged slip in decision amenable to correction - whether decision to be enforced. "Held": dispute was in existence at time of referral - that the decision had been fair and impartial - the adjudicator's decision would be enforced as it stood. |
| 650 ## - SUBJECT ADDED ENTRY--TOPICAL TERM | |
| Topical term or geographic name entry element | HOUSING GRANTS, CONSTRUCTION AND REGENERATION ACT 1996 |
| 650 ## - SUBJECT ADDED ENTRY--TOPICAL TERM | |
| Topical term or geographic name entry element | CIB PROPERTIES LTD V BIRSE CONSTRUCTION LTD |
| 650 ## - SUBJECT ADDED ENTRY--TOPICAL TERM | |
| Topical term or geographic name entry element | HALKI SHIPPING CORPORATION V SOPEX OILS LTD |
| 650 ## - SUBJECT ADDED ENTRY--TOPICAL TERM | |
| Topical term or geographic name entry element | BOUYGUES UK LTD V DAHL-JENSEN UK LTD |
| 690 ## - LOCAL SUBJECT ADDED ENTRY--TOPICAL TERM (OCLC, RLIN) | |
| Topical term or geographic name as entry element | MANAGEMENT-DISPUTE AVOIDANCE, MANAGEMENT AND RESOLUTION-DISPUTE MANAGEMENT AND RESOLUTION-ALTERNATIVE DISPUTE RESOLUTION-ADJUDICATION-ADJUDICATION AWARDS |
| 942 ## - ADDED ENTRY ELEMENTS (KOHA) | |
| Suppress in OPAC | 0 |
| Withdrawn status | Lost status | Source of classification or shelving scheme | Damaged status | Not for loan | Home library | Current library | Shelving location | Date acquired | Total Checkouts | Full call number | Barcode | Date last seen | Copy number | Price effective from | Koha item type |
|---|---|---|---|---|---|---|---|---|---|---|---|---|---|---|---|
| Dewey Decimal Classification | London | London | Journal article | 01/08/2005 | L130465 | 130465-1001 | 06/08/2019 | 1 | 06/08/2019 | Law report |